Advances in agroforestry / (Record no. 26827)
[ view plain ]
| 000 -LEADER | |
|---|---|
| fixed length control field | 00902naa a2200241 4500 |
| 005 - DATE AND TIME OF LATEST TRANSACTION | |
| control field | 20090526152752.0 |
| 008 - FIXED-LENGTH DATA ELEMENTS--GENERAL INFORMATION | |
| fixed length control field | 080822t xxu||||| |||| 00| 0 eng d |
| 010 ## - LCCN (DPL NO) | |
| LC control number | ENG-93735 |
| 020 ## - INTERNATIONAL STANDARD BOOK NUMBER | |
| International Standard Book Number | 9788131305393 |
| Terms of availability | 1795.00 |
| 035 ## - SYSTEM CONTROL NUMBER | |
| System control number | EN-77268 |
| 037 ## - SOURCE OF ACQUISITION | |
| Source of stock number/acquisition | DBAD / PUB |
| 040 ## - CATALOGING SOURCE | |
| Original cataloging agency | dpl |
| Language of cataloging | English |
| 082 ## - DEWEY DECIMAL CLASSIFICATION NUMBER | |
| Classification number | 634.99 |
| 100 ## - MAIN ENTRY--PERSONAL NAME | |
| Personal name | Jha, L.K. |
| 245 ## - TITLE STATEMENT | |
| Title | Advances in agroforestry / |
| Statement of responsibility, etc | by L.K. Jha |
| 260 ## - PUBLICATION, DISTRIBUTION, ETC. (IMPRINT) | |
| Place of publication, distribution, etc | New Delhi |
| Name of publisher, distributor, etc | APH Publishing Corporatioon |
| Date of publication, distribution, etc | 2009 |
| 270 ## - ADDRESS | |
| Address | 4435-36/7, Ansari Road, Darya Ganj |
| City | New Delhi |
| Postal code | 110 002 |
| Electronic mail address | aphbooks@vsnl.net |
| Telephone number | 011 23274050 |
| 300 ## - PHYSICAL DESCRIPTION | |
| Extent | xxi, 669p.: |
| Other physical details | 23cm(Hb) |
| Dimensions | ill. |
| 500 ## - GENERAL NOTE | |
| General note | Includes index |
| 650 ## - SUBJECT ADDED ENTRY--TOPICAL TERM | |
| Topical term or geographic name as entry element | Agroforestry |
| 942 ## - ADDED ENTRY ELEMENTS (KOHA) | |
| Institution code [OBSOLETE] | dpl |
| Item type | English Books |
| Source of classification or shelving scheme | Dewey Decimal Classification |
| Call number suffix | JHA |
| Classification part | 634.99 |
| Withdrawn status | Lost status | Source of classification or shelving scheme | Damaged status | Not for loan | Collection code | Home library | Current library | Date acquired | Source of acquisition | Cost, normal purchase price | Total Checkouts | Full call number | Barcode | Date last seen | Copy number | Cost, replacement price | Koha item type |
|---|---|---|---|---|---|---|---|---|---|---|---|---|---|---|---|---|---|
| Dewey Decimal Classification | Not For Loan | Non-fiction | D.B.Act.Division | D.B.Act.Division | 26/05/2009 | DBAD / PUB | 1795.00 | 634.99 JHA | EN-77268 | 26/05/2009 | 1 | 1795.00 | English Books |
